| 000 | 00412nam a2200133 a 4500 | ||
|---|---|---|---|
| 001 | 000045202 | ||
| 005 | 20241205091543.0 | ||
| 008 | 150210s2010 dr ac 000 0 spa d | ||
| 040 |
_aDO-SdBNP _bspa _cBNPHU |
||
| 245 | 0 | 0 | _aNormativas Gas Natural. |
| 260 |
_aSanto Domingo : _bMIC, _c2010. |
||
| 300 |
_a314 p. : _bil., retrs. ; _c22 cm. |
||
| 710 | 1 |
_aRepública Dominicana. _bMinisterio de Industría y Comercio _975764 |
|
| 999 |
_c44691 _d44691 |
||